Nghiên cứu Hà Tiên
Cuốn “Nghiên cứu Hà Tiên” tập hợp một số bài viết tiêu biểu của nhà nghiên cứu Trương Minh Đạt, Sách dày hơn 550 trang với nhiều bản đồ và hình ảnh tư liệu. Cuốn sách trình bày những kết quả nghiên cứu của tác giả về Hà tiên, cung cấ...
Na minha lista:
| Autor principal: | |
|---|---|
| Formato: | Livro |
| Idioma: | Undetermined |
| Publicado em: |
Thành phố Hồ Chí Minh
Trẻ
2008
|
| Assuntos: | |
| Tags: |
Adicionar Tag
Sem tags, seja o primeiro a adicionar uma tag!
|
| Thư viện lưu trữ: | Trung tâm Học liệu Trường Đại học Cần Thơ |
|---|
| LEADER | 01190nam a2200217Ia 4500 | ||
|---|---|---|---|
| 001 | CTU_140519 | ||
| 008 | 210402s9999 xx 000 0 und d | ||
| 020 | |c 95000 | ||
| 082 | |a 959.795 | ||
| 082 | |b Đ110 | ||
| 100 | |a Trương, Minh Đạt | ||
| 245 | 0 | |a Nghiên cứu Hà Tiên | |
| 245 | 0 | |c Trương Minh Đạt | |
| 260 | |a Thành phố Hồ Chí Minh | ||
| 260 | |b Trẻ | ||
| 260 | |c 2008 | ||
| 520 | |a Cuốn “Nghiên cứu Hà Tiên” tập hợp một số bài viết tiêu biểu của nhà nghiên cứu Trương Minh Đạt, Sách dày hơn 550 trang với nhiều bản đồ và hình ảnh tư liệu. Cuốn sách trình bày những kết quả nghiên cứu của tác giả về Hà tiên, cung cấp nhiều tài liệu quý và nhất là đính chính nhiều thông tin sai lầm được các tác giả khác đã đăng tỉa trên các phương tiện thông tin đại chúng | ||
| 650 | |a Hà Tiên - Việt Nam | ||
| 650 | |x Du lịch và du hành | ||
| 904 | |i Huỳnh Mai | ||
| 980 | |a Trung tâm Học liệu Trường Đại học Cần Thơ | ||